La mujer (Record no. 151317)

MARC details
000 -LEADER
fixed length control field 00629cam a2200193 4500
005 - DATE AND TIME OF LATEST TRANSACTION
control field 20191111102339.0
008 - FIXED-LENGTH DATA ELEMENTS--GENERAL INFORMATION
fixed length control field 190918b mx ||||| |||| 00| 0 spa d
020 ## - INTERNATIONAL STANDARD BOOK NUMBER
International Standard Book Number 8473670256
050 04 - LIBRARY OF CONGRESS CALL NUMBER
Classification number HX546
Item number B43 1980
100 1# - MAIN ENTRY--PERSONAL NAME
Personal name Bebel, Augusto
245 13 - TITLE STATEMENT
Title La mujer
Remainder of title : en el pasado, en el presente y en el porvenir
Statement of responsibility, etc / Augusto Bebel.
250 ## - EDITION STATEMENT
Edition statement 3a ed.
260 ## - PUBLICATION, DISTRIBUTION, ETC. (IMPRINT)
Place of publication, distribution, etc México :
Name of publisher, distributor, etc Fontamara,
Date of publication, distribution, etc 1980
300 ## - PHYSICAL DESCRIPTION
Extent 331 p.;
Dimensions 21 cm,
500 ## - GENERAL NOTE
General note Incluye indice
650 #7 - SUBJECT ADDED ENTRY--TOPICAL TERM
Topical term or geographic name as entry element Mujeres y Socialismo
Source of heading or term lemb
650 #7 - SUBJECT ADDED ENTRY--TOPICAL TERM
Topical term or geographic name as entry element Filosofía
General subdivision Historia y condicion de la mujer
Source of heading or term Lemb
942 ## - ADDED ENTRY ELEMENTS (KOHA)
Source of classification or shelving scheme Biblioteca del Cogreso de los Estados Unidos
Koha item type Libro
Holdings
Estado de pérdida Fuente de clasificación Estado del daño No para préstamo Ubicación permanente Ubicación actual Apartado o colección Fecha de adquisición Edición Área del conocimiento Clasificación Código de Barras Date last seen Número de copia Costo por reposición Tipo de recurso
  Biblioteca del Cogreso de los Estados Unidos     Biblioteca de la Preparatoria Isaac Arriaga Biblioteca de la Preparatoria Isaac Arriaga General 18/09/2019 1a ed. Educación y Humanidades HX546 B43 1980 PIA000003690 18/09/2019 C:1 1.00 Libro